The Jossey-Bass guide to strategic communications for nonprofits : a step-by-step guide to working with the media to generate publicity, enhance fundraising, build membership, change public policy, handle crises, and more
This nuts-and-bolts workbook is a tool kit for organizations that want to create successful communications strategies. No matter their size or planning experience, nonprofits can use this guide to enhance their profiles in the media, increase name recognition, boost fundraising, recruit membership,...
Spremljeno u:
| Glavni autor: | |
|---|---|
| Format: | Knjiga |
| Jezik: | Undetermined |
| Izdano: |
San Francisco, Calif.
Jossey-Bass
1999
|
| Teme: | |
| Oznake: |
Dodaj oznaku
Bez oznaka, Budi prvi tko označuje ovaj zapis!
|
| Thư viện lưu trữ: | Trung tâm Học liệu Trường Đại học Cần Thơ |
|---|
| LEADER | 01429nam a2200229Ia 4500 | ||
|---|---|---|---|
| 001 | CTU_165473 | ||
| 008 | 210402s9999 xx 000 0 und d | ||
| 020 | |c 12.95 | ||
| 082 | |a 659.288 | ||
| 082 | |b B715 | ||
| 100 | |a Bonk, Kathy | ||
| 245 | 4 | |a The Jossey-Bass guide to strategic communications for nonprofits : | |
| 245 | 2 | |b a step-by-step guide to working with the media to generate publicity, enhance fundraising, build membership, change public policy, handle crises, and more | |
| 245 | 0 | |c Kathy Bonk, Henry Griggs, Emily Tynes. | |
| 260 | |a San Francisco, Calif. | ||
| 260 | |b Jossey-Bass | ||
| 260 | |c 1999 | ||
| 520 | |a This nuts-and-bolts workbook is a tool kit for organizations that want to create successful communications strategies. No matter their size or planning experience, nonprofits can use this guide to enhance their profiles in the media, increase name recognition, boost fundraising, recruit membership, and advance changes in public policy. With a clear mission and the right communications skills, even small volunteer organizations can succeed in designing, planning, and implementing strategic public interest campaigns. | ||
| 650 | |a Nonprofit organizations,Corporations,Tổ chức phi lợi nhuận,Tập đoàn | ||
| 650 | |x Management,Public relations,Quản lý,Quan hệ cộng đồng | ||
| 904 | |i Năm | ||
| 980 | |a Trung tâm Học liệu Trường Đại học Cần Thơ | ||